Mard Hazrat kay Masail (Record no. 595316)
[ view plain ]
| 000 -LEADER | |
|---|---|
| fixed length control field | 00447nam a22001577a 4500 |
| 020 ## - INTERNATIONAL STANDARD BOOK NUMBER | |
| International Standard Book Number | 9789692208666 |
| 082 ## - DEWEY DECIMAL CLASSIFICATION NUMBER | |
| Classification number | 297.7 |
| Author Mark | SHA |
| 100 ## - MAIN ENTRY--PERSONAL NAME | |
| Personal name | Khawaja Shamsuddin Azeemi |
| 245 ## - TITLE STATEMENT | |
| Title | Mard Hazrat kay Masail |
| Statement of responsibility, etc. | Khawaja Shamsuddin Azeemi |
| 260 ## - PUBLICATION, DISTRIBUTION, ETC. | |
| Place of publication, distribution, etc. | Karachi |
| Name of publisher, distributor, etc. | Azeemi University Press |
| Date of publication, distribution, etc. | 2022 |
| 300 ## - PHYSICAL DESCRIPTION | |
| Extent | 332p |
| 563 ## - BINDING INFORMATION | |
| Binding note | H.B |
| 650 ## - SUBJECT ADDED ENTRY--TOPICAL TERM | |
| Topical term or geographic name entry element | Islamic Teaching |
| 880 ## - ALTERNATE GRAPHIC REPRESENTATION | |
| Linkage | 245\r |
| Title | مرد حضرات کے مسائل |
| 942 ## - ADDED ENTRY ELEMENTS (KOHA) | |
| Source of classification or shelving scheme | |
| Koha item type | Book |
| 650 ## - SUBJECT ADDED ENTRY--TOPICAL TERM | |
| -- | 63270 |
| Withdrawn status | Lost status | Source of classification or shelving scheme | Damaged status | Not for loan | Permanent Location | Current Location | Date acquired | Source of acquisition | Total Checkouts | Full call number | Barcode | Date last seen | Price effective from | Koha item type |
|---|---|---|---|---|---|---|---|---|---|---|---|---|---|---|
| Central Library (CL) | Central Library (CL) | 07/19/2023 | Donation | 297.7 SHA | CL-D-2298 | 07/19/2023 | 07/19/2023 | Book | ||||||
| Central Library (CL) | Central Library (CL) | 07/19/2023 | Donation | 297.7 SHA | CL-D-2297 | 07/19/2023 | 07/19/2023 | Book |
